Balance of payments compilation guide

Gespeichert in:
Bibliographische Detailangaben
Format: Buch
Sprache:Englisch
Veröffentlicht: Washington, D.C. IMF 1995
Schlagworte:
Tags: Tag hinzufügen
Keine Tags, Fügen Sie das erste Tag hinzu!

MARC

LEADER 00000nam$a2200000$$$4500
001 0011292
005 20240111124651.0
020 |a 1-55775-470-5 
041 0 |a eng 
044 |a US 
245 1 0 |a Balance of payments compilation guide 
264 1 |a Washington, D.C.  |b IMF  |c 1995 
300 |a x, 380 s. 
610 2 0 |a bilancia platobná 
610 2 0 |a štatistika medzinárodná 
610 2 0 |a obchod medzinárodný 
610 2 0 |a podnik 
610 2 0 |a preprava 
610 2 0 |a doprava medzinárodná 
610 2 0 |a papiere cenné 
610 2 0 |a migrácia 
610 2 0 |a organizácie medzinárodné 
610 2 0 |a účty bežné 
610 2 0 |a účty finančné 
610 2 0 |a štatistika